书目信息 |
| 题名: |
北方养羊新技术
|
|
| 作者: | 马友记 主编 | |
| 分册: | ||
| 出版信息: | 北京 化学工业出版社 2019 |
|
| 页数: | 274页 | |
| 开本: | 21cm | |
| 丛书名: | ||
| 单 册: | ||
| 中图分类: | S826 | |
| 科图分类: | ||
| 主题词: | 羊--Yang--饲养管理 | |
| 电子资源: | ||
| ISBN: | 978-7-122-27404-5 | |
| 000 | 00868nam0 2200241 45 | |
| 001 | 012001003577 | |
| 005 | 20140102135635.0 | |
| 010 | @a978-7-122-27404-5@dCNY29.80 | |
| 099 | @aCAL 012016115675 | |
| 100 | @a20160825d2016 em y0chiy50 ea | |
| 101 | 0 | @achi |
| 102 | @aCN@b110000 | |
| 105 | @aa z 000yy | |
| 106 | @ar | |
| 200 | 1 | @a北方养羊新技术@Abei fang yang yang xin ji shu@f马友记主编 |
| 210 | @a北京@c化学工业出版社@d2019 | |
| 215 | @a274页@c图@d21cm | |
| 330 | @a本书通过深入浅出的文字及大量直观实用的图片,从羊的品种良种化、养羊设施化、生产规范化、繁殖高效化、营养标准化、羊病的防疫制度化、粪污无害化以及羊场管理科学化八个方面详细阐述了我国北方集约化、工厂化养羊的新技术和新进展。 | |
| 606 | 0 | @a羊@AYang@x饲养管理 |
| 690 | @aS826@v5 | |
| 701 | 0 | @a马友记@AMa You Ji@4主编 |
| 801 | 2 | @aCN@b北京卓展@c20191020 |
| 905 | @b1212169-72@dS826@e205@f4 | |
| 北方养羊新技术/马友记主编.-北京:化学工业出版社,2019 |
| 274页:图;21cm |
| ISBN 978-7-122-27404-5:CNY29.80 |
| 本书通过深入浅出的文字及大量直观实用的图片,从羊的品种良种化、养羊设施化、生产规范化、繁殖高效化、营养标准化、羊病的防疫制度化、粪污无害化以及羊场管理科学化八个方面详细阐述了我国北方集约化、工厂化养羊的新技术和新进展。 |
| ● |
| 相关链接 |
|
|
|
|
正题名:北方养羊新技术
索取号:S826/205
 
预约/预借
| 序号 | 登录号 | 条形码 | 馆藏地/架位号 | 状态 | 备注 |
| 1 | 1212169 | 212121693 | 第二样本阅览室/ [索取号:S826/205] | 在馆 | |
| 2 | 1212170 | 212121700 | 第三借阅区/ [索取号:S826/205] | 在馆 | |
| 3 | 1212171 | 212121719 | 第三借阅区/ [索取号:S826/205] | 在馆 | |
| 4 | 1212172 | 212121728 | 第三借阅区/ [索取号:S826/205] | 在馆 |